Eleanor Roosevelt as I knew her / (Record no. 10045)
[ view plain ]
| 000 -LEADER | |
|---|---|
| fixed length control field | 01135nam a22002897a 4500 |
| 003 - CONTROL NUMBER IDENTIFIER | |
| control field | OSt |
| 005 - DATE AND TIME OF LATEST TRANSACTION | |
| control field | 20260402084422.0 |
| 008 - FIXED-LENGTH DATA ELEMENTS--GENERAL INFORMATION | |
| fixed length control field | 260402b |||||||| |||| 00| 0 eng d |
| 020 ## - INTERNATIONAL STANDARD BOOK NUMBER | |
| International Standard Book Number | 978-0939009961 |
| 040 ## - CATALOGING SOURCE | |
| Transcribing agency | EPM PUBLICATIONS, INC. |
| 041 ## - LANGUAGE CODE | |
| Language code of text/sound track or separate title | english. |
| 050 ## - LIBRARY OF CONGRESS CALL NUMBER | |
| Classification number | E 807.1 .R48 .S66 1996 |
| Item number | .S66 1996 |
| 100 ## - MAIN ENTRY--PERSONAL NAME | |
| Personal name | Somerville, Mollie. |
| Relator term | author. |
| 245 ## - TITLE STATEMENT | |
| Title | Eleanor Roosevelt as I knew her / |
| Statement of responsibility, etc. | Mollie Somerville. |
| 250 ## - EDITION STATEMENT | |
| Edition statement | 1st edition. |
| 260 ## - PUBLICATION, DISTRIBUTION, ETC. | |
| Place of publication, distribution, etc. | McLean : |
| Name of publisher, distributor, etc. | EPM Publications, Inc., |
| Date of publication, distribution, etc. | 1996. |
| 300 ## - PHYSICAL DESCRIPTION | |
| Extent | 176 pages. : |
| Other physical details | ill. ; |
| Dimensions | 23 cm. |
| 500 ## - GENERAL NOTE | |
| General note | Includes personal recollections of Eleanor Roosevelt. |
| 504 ## - BIBLIOGRAPHY, ETC. NOTE | |
| Bibliography, etc. note | Includes bibliographical index. |
| 520 ## - SUMMARY, ETC. | |
| Summary, etc. | A biographical account based on the author's personal experiences and interactions with Eleanor Roosevelt, highlighting her character, leadership, and contributions to society. |
| 600 ## - SUBJECT ADDED ENTRY--PERSONAL NAME | |
| Personal name | Roosevelt, Eleanor, |
| General subdivision | Anecdotes. |
| 650 ## - SUBJECT ADDED ENTRY--TOPICAL TERM | |
| Topical term or geographic name entry element | First ladies |
| Form subdivision | Biography. |
| Geographic subdivision | United States |
| 650 ## - SUBJECT ADDED ENTRY--TOPICAL TERM | |
| Topical term or geographic name entry element | Women reformers |
| Form subdivision | Biography. |
| Geographic subdivision | United States |
| 655 ## - INDEX TERM--GENRE/FORM | |
| Source of term | lcgft |
| Genre/form data or focus term | Biography. |
| 700 ## - ADDED ENTRY--PERSONAL NAME | |
| Personal name | Roosevelt, Eleanor |
| Relator term | subject. |
| 942 ## - ADDED ENTRY ELEMENTS (KOHA) | |
| Source of classification or shelving scheme | Library of Congress Classification |
| Koha item type | Books |
| Edition | 1st ed. |
| Suppress in OPAC | No |
| Withdrawn status | Lost status | Source of classification or shelving scheme | Damaged status | Not for loan | Home library | Current library | Date acquired | Total checkouts | Full call number | Barcode | Date last seen | Price effective from | Koha item type |
|---|---|---|---|---|---|---|---|---|---|---|---|---|---|
| Library of Congress Classification | PIU Library | Main Library | 04/02/2026 | E 807.1 .R48 .S66 1996 | PIUDLMUR986 | 04/02/2026 | 04/02/2026 | Books |